000
00344nam a2200157Ia 4500
008
210210b xxu||||| |||| 00| 0 eng d
041
_a
eng
082
_a
872/118
100
_a
BALAKRISHNA WARRIOR (M R)
245
_a
Prachina keralam
260
_a
_b
-
_c
650
_a
Prachina
650
_a
keralam
690
_a
Malayalam
906
_a
002515
999
_c
124486
_d
124486